Most Produced Firearms - Statistics

General Stats
  • This quiz has been taken 737 times
  • The average score is 4 of 13
Answer Stats
Number Produced Answer % Correct
150,000,000 Kalashnikov AK-47
94%
13,000,000 M16
85%
10,000,000 Glock
55%
37,000,000 Mosin-Nagant
34%
17,0000,000 Lee-Enfield
23%
10,000,000 IMI Uzi
22%
15,000,000 Simonov SKS
19%
10,000,000 Makarov
13%
10,000,000 Remington 870
13%
10,000,000 Arisaka
11%
100,000,000 Mauser Gewehr 98
11%
10,000,000 Mossberg 500
9%
11,000,000 Marlin Model 60
3%
No matching quizzes found
Score Distribution
Percent of People with Each Score
Percentile by Number Answered
Your Score History
You have not taken this quiz